Anordnung: Mendel's discovery of inherited information /

Main Author: Sekerák, Jiří, 1962-
Language: English
Published: Brno : Moravian Museum, 2017
Subjects:
Physical Description: 143 stran : ilustrace, portréty, faksimile ; 17 cm
Language note: České a německé resumé
Book
Saved in:
LEADER 02382nam a2200673 i 4500
001 nkc20182970989
003 CZ PrNK
005 20180219090227.0
007 ta
008 180118s2017 xr ach f 001 0deng
015 |a cnb002970989 
020 |a 978-80-7028-491-9  |q (brožováno) 
035 |a (OCoLC)1028223370 
040 |a BOA001  |b cze  |d ABA001  |e rda 
041 0 |a eng  |b cze  |b ger 
043 |a e-xr--- 
045 |a w2w8 
072 7 |a 575  |x Obecná genetika. Obecná cytogenetika. Evoluce  |2 Konspekt  |9 2 
072 7 |a 929  |x Biografie  |2 Konspekt  |9 8 
080 |a 575-051  |2 MRF 
080 |a 929  |2 MRF 
080 |a 575  |2 MRF 
080 |a 575.1/.2  |2 MRF 
080 |a 001-026.12  |2 MRF 
080 |a 316.64  |2 MRF 
080 |a (437.3)  |2 MRF 
080 |a (048.8)  |2 MRF 
100 1 |a Sekerák, Jiří,  |d 1962-  |7 mzk2005269571  |4 aut 
245 1 0 |a Anordnung: Mendel's discovery of inherited information /  |c Jiří Sekerák 
246 3 0 |a Mendel's discovery of inherited information 
264 1 |a Brno :  |b Moravian Museum,  |c 2017 
300 |a 143 stran :  |b ilustrace, portréty, faksimile ;  |c 17 cm 
336 |a text  |b txt  |2 rdacontent 
337 |a bez média  |b n  |2 rdamedia 
338 |a svazek  |b nc  |2 rdacarrier 
504 |a Obsahuje bibliografii, bibliografické odkazy a rejstřík 
546 |a České a německé resumé 
600 1 7 |a Mendel, Johann Gregor,  |d 1822-1884  |7 jk01081221  |2 czenas 
648 7 |a 19. století  |7 ch460557  |2 czenas 
648 4 |a 1822-1884 
650 0 7 |a genetici  |7 ph120480  |z Česko  |y 19. století  |2 czenas 
650 0 7 |a genetika  |7 ph114609  |2 czenas 
650 0 7 |a mendelismus  |7 ph115261  |2 czenas 
650 0 7 |a vědecká činnost  |7 ph138035  |2 czenas 
650 0 7 |a názory a postoje  |7 ph137634  |2 czenas 
650 0 9 |a geneticists  |z Czechia  |y 19th century  |2 eczenas 
650 0 9 |a genetics  |2 eczenas 
650 0 9 |a mendelism  |2 eczenas 
650 0 9 |a scientific activities  |2 eczenas 
650 0 9 |a views and attitudes  |2 eczenas 
655 7 |a studie  |7 fd133597  |2 czenas 
655 9 |a studies  |2 eczenas 
910 2 |a BOA001  |b 1-1400.285 
928 9 |a Moravské zemské muzeum 
990 |a BK 
995 |a 01 
991 |b 201801  |c NOV 
996 6 |b 2610731846  |c 1-1400.285  |l MZK  |r Sklad / do 1 hodiny  |n 0  |p p.v.  |w 001648680  |u 000010  |a 1  |e BOA001  |j MZK50  |s P 
996 7 |b 2610731847  |c 1-1400.285  |l MZK  |r Sklad / do 1 hodiny  |n 0  |p p.v.  |w 001648680  |u 000020  |a 1  |e BOA001  |j MZK50  |s A